| 000 | 01309cam a22003254a 4500 | ||
|---|---|---|---|
| 001 | 14125218 | ||
| 005 | 20060721135917.0 | ||
| 008 | 050929s2005 enk | b 001 0 eng | ||
| 010 | _a 2005045641 | ||
| 020 | _a1843543389 | ||
| 020 | _a9781843543381 | ||
| 040 |
_aDLC _cDLC _dDLC |
||
| 042 | _apcc | ||
| 050 | 0 | 0 |
_aKZ6385 _b.B94 2006 |
| 082 | 0 | 0 |
_a341.6 _222 _bBYE |
| 100 | 1 |
_aByers, Michael, _d1966- _922769 |
|
| 245 | 1 | 0 |
_aWar Law : _bInternational Law and Armed Conflicts / _cMichael Byers |
| 246 | 3 | _aUnderstanding international law and armed conflicts | |
| 260 |
_aLondon : _bAtlantic Books, 2005 _c2005 |
||
| 300 |
_ax, 214 p. ; _c22 cm. |
||
| 500 | _aOriginally published: Great Britain : Atlantic Books, 2006. | ||
| 504 | _aIncludes bibliographical references (p. 186-197) and index. | ||
| 650 | 0 |
_aWar (International law). _922770 |
|
| 650 | 0 |
_aWar _xCauses. _922771 |
|
| 650 | 0 |
_aJust war doctrine. _922772 |
|
| 653 |
_bPol _cApril2011 |
||
| 942 |
_2ddc _cBB |
||
| 999 |
_c15044 _d15044 |
||